| 000 | 00569 a2200169 4500 | ||
|---|---|---|---|
| 999 |
_c1057 _d1057 |
||
| 020 | _a9780198741855 | ||
| 050 | _aGF41.ALL 1995 | ||
| 100 |
_aAllen John _eeditor |
||
| 245 |
_aGeographical worlds / _cJohn Allen; Doreen Massey |
||
| 264 |
_aMilton Keynes : _bOpen University, _c1995. |
||
| 300 | _aviii, 148 pages [8] pages of plates : illustrations (some color), maps (some color), portraits ; 25 cm. | ||
| 440 | _aShape of the world, v. 1. | ||
| 500 | _aIt includes index | ||
| 650 | _a Human geography. | ||
| 700 | _aDoreen Massey | ||
| 942 |
_2lcc _cBK _h41 _iALL _kGF |
||